1216 1335 1173 1547 1028 1249 1806 1492 1245 1896 1327 1677 1529 1564 1270 1656 1495 1301 1374 1407 1209 1578 1887 1774 1396 1086 1414 1458 1631 1168 1809 1387 1816 1972 1537 1592 1034 1761 1239 1052 1203 1359 1902 1560 1841 1434 1553 1953 1510 1558 1303 1793 1319 1259 1087 1195 1451 1908 1373 1886 1197 1862 1141 1117 1739 1697 1825 1380 1042 1704 1951 1420 1453 1755 1797 1039 1960 1743 1716 1752 1536 1496 1939 1505 1515 1110 1107 1868 1859 1387 1262 1648 1327 1323 1251 1498 1524 1147 1870 BCNSPRNW ULIB Ver.6.0+V

เปลี่ยนเป็นภาษาไทย

Change to English
 แสดงรายละเอียดบรรณานุกรม
  กลับหน้าหลัก

Brief Record : Get Marc (ISO 2709) : E-mail record : QR code < ปิดหน้าต่าง
LEADER : 00000nam 2200000uu 4500
001    13399112089
003     ULIB
008    110425s2546||||th 000 0 tha d
050  4 H62^bพ361ร 2546
100 0  ประพิณ วัฒนกิจ
245 10 รายงานสรุปโครงการอบรมเชิงปฎิบัติการเรื่องการทำวิจัยในชั้นเรียน /^cคณะกรรมการวิจัยวิทยาลัยพยาบาลบรมราชชนนี อุตรดิตถ์
260    อุตรดิตถ์ :^bคณะกรรมการวิจัยวิทยาลัยพยาบาลบรมราชชนนี อุตรดิตถ์,^c2546
300    109 หน้า :^bตาราง
650  7 การทำวิจัยในชั้นเรียน^xโครงการ
945    ^p0^l0^i015666
995    ทศพร
999 ^a ใช้งานได้ทุกระบบ
รายการนี้ยังไม่มีแท็ก
คุณยังไม่ได้ล็อกอิน คุณสามารถมีกิจกรรมร่วมกับเว็บไซต์ได้ แต่ต้องล็อกอินก่อน ::
  ล็อกอิน

รายการสื่อสารสนเทศ

ลำดับที่ ประเภท เลขเรียก/บาร์โค้ด สถานที่ สถานะ
- ไม่พบข้อมูล -

รายการใกล้เคียง
    ผู้แต่ง [ประพิณ วัฒนกิจ]

BibComment


ยังไม่เคยถูกคอมเมนท์

คอมเมนท์ทรัพยากรรายการนี้
  คอมเมนท์: รายงานสรุปโครงการ..


 Copyright 2026. Bcnsprnw @Library